| 000 | 00671nam a22002057a 4500 | ||
|---|---|---|---|
| 999 |
_c8303 _d8303 |
||
| 003 | AR-CdUCM | ||
| 008 | 190322b ||||| |||| 00| 0 spa d | ||
| 040 |
_aMUNICIPALIDAD PROVINCIAL DEL CUSCO _cBIBLIOTECA MUNICIPAL DEL CUSCO |
||
| 082 |
_22 ed. _a570 / _bH21 |
||
| 100 |
_aHanauer, Ethel _923339 |
||
| 245 | _aBiología recreativa / | ||
| 260 |
_aMadrid : _bSantillana, _c1962. |
||
| 300 |
_a102 páginas ;: _c22 cm. |
||
| 505 | _aContenido : La naturaleza de los seres vivientes -- El mundo de las plantas -- El mundo de los animales ... | ||
| 650 |
_aBiología _9881 |
||
| 650 |
_aPlantas _919530 |
||
| 650 |
_aAnimales _9917 |
||
| 942 |
_2ddc _cLIBROS |
||
| 945 | _arah | ||